Central Library OPAC University of Rajshahi

Handbook of chemistry and physics : (Record no. 68072)

MARC details
000 -LEADER
fixed length control field 00756nam a2200253 a 4500
001 - CONTROL NUMBER
control field 68072
003 - CONTROL NUMBER IDENTIFIER
rucl marc code BD-RjUL
005 - DATE AND TIME OF LATEST TRANSACTION
control field 20211209081728.0
008 - FIXED-LENGTH DATA ELEMENTS--GENERAL INFORMATION
fixed length control field 170330s1969 ohu||||| |||| 001 0 eng d
035 ## - SYSTEM CONTROL NUMBER
System control number (BD-RjUL)68281
040 ## - CATALOGING SOURCE
Original cataloging agency BD-RjUL
Language of cataloging eng
Transcribing agency BD-RjUL
041 ## - LANGUAGE CODE
Language code of text/sound track or separate title eng
082 ## - DEWEY DECIMAL CLASSIFICATION NUMBER
Edition number 23
Classification number 543.212
Author mark and year HAN 1969
245 ## - TITLE STATEMENT
Title Handbook of chemistry and physics :
Remainder of title a ready-reference pocket book of chemical and physical data /
Statement of responsibility, etc. Robert C Weast
250 ## - EDITION STATEMENT
Edition statement 50th ed.
260 ## - PUBLICATION, DISTRIBUTION, ETC. (IMPRINT)
Place of publication, distribution, etc. Ohio :
Name of publisher, distributor, etc. Cranwood parkway,
Date of publication, distribution, etc. 1969
300 ## - PHYSICAL DESCRIPTION
Pagination xxiv, various p. :
Illustrations ill. ;
Size 23 cm.
500 ## - GENERAL NOTE
General note Includes index
650 ## - SUBJECT ADDED ENTRY--TOPICAL TERM
Topical term or geographic name as entry element Physics
9 (RLIN) 201793
Topical term or geographic name as entry element Chemistry
9 (RLIN) 201794
Topical term or geographic name as entry element Mathematics
9 (RLIN) 201795
700 ## - ADDED ENTRY--PERSONAL NAME
Personal name Weast, Robert C
942 ## - ADDED ENTRY ELEMENTS (KOHA)
Source of classification or shelving scheme Dewey Decimal Classification
Koha item type Books
Holdings
Lost status Source of classification or shelving scheme Damaged status Not for loan Collection code Permanent Location Current Location Shelving location Date acquired Cost, normal purchase price Total Checkouts Full call number Date last seen Copy number Koha item type
  Dewey Decimal Classification   Not For Loan Non-fiction Central Library, University of Rajshahi Central Library, University of Rajshahi Reading Room 20/10/1990 0.00   543.212 HAN 1969 30/03/2017 C-1 Books